|
|
|
|
| LEADER |
00000cam a2200000 7i4500 |
| 001 |
0000053416 |
| 005 |
20151222.0 |
| 008 |
151021 |
| 020 |
|
|
|a 9837517018
|
| 090 |
0 |
0 |
|a DIC
|b MAL
|
| 245 |
1 |
0 |
|a Kamus asas bergambar KBSR :
|b tahap 1
|c Zaiton Ali & Gwen Chuah
|
| 260 |
|
|
|a PJ :
|b Penerbit Pan Earth Sdn Bhd ,
|c 2004
|
| 500 |
|
|
|a Children ages 7-9 years old (orange)
|
| 650 |
|
0 |
|a Jawi alphabets
|
| 650 |
|
0 |
|a Malay language Dictionaries Arabic
|
| 650 |
|
0 |
|a Malay language
|x Dictionaries English
|
| 700 |
1 |
|
|a Chuah, Gwen
|
| 999 |
|
|
|a 0001155009
|b Book
|c Children Collection
|e Cawangan Segamat
|
| 999 |
|
|
|a 0001155010
|b Book
|c Children Collection
|e Cawangan Pontian
|
| 999 |
|
|
|a 0001155011
|b Book
|c Children Collection
|e Cawangan Bandar Penawar
|
| 999 |
|
|
|a 0001155014
|b Book
|c REFERENCE
|e Cawangan Taman Universiti
|
| 999 |
|
|
|a 0001155015
|b Book
|c Children Collection
|e Cawangan Tmn. Ungku Tun Aminah
|